Σύντομη ιστορία της νεοελληνικής λογοτεχνίας
Saved in:
| Main Author: | |
|---|---|
| Format: | Book |
| Language: | Greek |
| Published: |
Αθήνα :
Βιβλιοπωλείον της "Εστίας",
[19--].
|
| Edition: | 7η έκδ. |
| Subjects: | |
| Tags: |
Add Tag
No Tags, Be the first to tag this record!
|
MARC
| LEADER | 00000cam a2200000 i 4500 | ||
|---|---|---|---|
| 001 | 1/48239 | ||
| 008 | 980707q19uu gr | ||| |||| ||gre|| | ||
| 035 | |l 10043283 | ||
| 040 | |a GR-MyUA |b gre |e AACR2 | ||
| 041 | 0 | |a gre | |
| 082 | 0 | |a 889.09 | |
| 100 | 1 | |a Καλαματιανός, Γεώργιος Ν. | |
| 245 | 1 | 0 | |a Σύντομη ιστορία της νεοελληνικής λογοτεχνίας / |c Γιώργου Ν. Καλαματιανού. |
| 250 | |a 7η έκδ. | ||
| 260 | |a Αθήνα : |b Βιβλιοπωλείον της "Εστίας", |c [19--]. | ||
| 300 | |a 128 σ. ; |c 21 εκ. | ||
| 650 | 0 | |a Greek literature, Modern |x History and criticism. | |
| 852 | |a INST |b SAMOS |e 19980707 |h 889.09 ΚΑΛ |p 005300010967 |q 005300010967 |t BK |y 0 | ||
| 901 | |a BIBL-1998-2 | ||
| 922 | |a 3ΕΛΗ |b 199709 |c ΔΩΡ |d ΠΑΡΙΑΝΟΣ | ||